000 00864nam a2200301Ia 4500
003 GCL
008 140319s9999 xx 000 0 ara d
040 _aGCL /
_cGCL
082 0 4 _aق
_b913.03
_bم م
100 1 _aمجوير ,ادنا
245 1 0 _aالماضى يبعث حيا /
_cمجوير ,ادنا
260 _a[S.N] :
_bمكتبة النهضة المصرية ،
_c1953
300 _a516
490 _a
650 0 4 _aالاقتصاد
650 0 4 _aالتعليم
650 0 4 _aالحضارة
650 0 4 _aمصر القديمة
650 0 4 _aالفن
650 0 4 _aنهر النيل
650 0 4 _aالبحر الابيض المتوسط
650 0 4 _aالتقدم الاجتماعى
650 0 4 _aاسيا
650 0 4 _aالشرق الاقصى
650 0 4 _aاوربا
650 0 4 _aالكشوف الجغرافية
942 _2ddc
_cBK
999 _c30975
_d30975